000 00657nam a22001935i 4500
001 166705
003 ES-MaACL
005 20250815132631.0
008 950111s1871 sp |||| | spa d
040 _aAS
_bspa
100 1 _aTubino, Francisco María,
_d1833-1888
_9111620
245 1 3 _aEl arte y los artistas contemporáneos en la Península /
_cpor F.M. Tubino.
260 _aMadrid :
_bLibrería de A. Duran,
_c1871 (
_fA.G. Fuentenebro)
300 _a348 p. ;
_c20 cm.
596 _aFecha de la cub.: 1872.
650 7 _aCrítica artística
_2embne
_916003
852 _aES-MaACL
_jG-10248
_z-- Enc. ed. en hol.
999 _c166705
_d166705